000 00785nam a22002297a 4500
001 BR7304361
003 BR-BrBNA
005 20230928084026.0
007 ta
008 230509b bl.||||| |||| 00| 0 por d
040 _aBR-BrBNA
_bpor
_cBiblioteca Nacional de Agricultura
041 _a(Por)
072 _aE10; F00; D50
_b0230
_b/G514
090 _ 0230 BR7304361
110 1 _aSyndicato dos Plantadores de Canna, Recife, PE (Brasil)
_910279
245 1 _aQuotas de producao de cannas de fornecedores as usinas de assucar. - Interpretacao da lei n. 178, de 9 de janeiro de 1936 dada pelo Instituto do Assucar e do Alcool [Brasil]
260 3 _aRecife, PE (Brasil):
_c1939.
300 _a46 p.
650 _aCANA DE ACUCAR
909 _a202309
_bLucia
_c55
_dLucia Elande
942 _cBK
999 _c16395
_d16395